|
|
|
|
| LEADER |
01195pam a22003018a 4500 |
| 001 |
00046170 |
| 005 |
20201216101224.0 |
| 008 |
201216s2019####-vm#################vie|d |
| 020 |
# |
# |
|a 9786045541616
|c 0
|
| 041 |
0 |
# |
|a vie
|
| 082 |
0 |
4 |
|a 959.731
|b T103L
|
| 245 |
0 |
0 |
|a Tài liệu văn hiến Thăng Long - Hà Nội: Tuyển tập tư liệu phương Tây trước 1945
|c Nguyễn Thừa Hỷ (ch.b.), Nguyễn Mạnh Dũng, Vũ Thị Minh Thắng, Nguyễn Thị Bình,..
|
| 260 |
# |
# |
|a Hà Nội
|b Hà Nội
|c 2019
|
| 300 |
# |
# |
|a 843tr.
|c 24cm
|
| 490 |
0 |
# |
|a Tủ sách Thăng Long 1000 năm
|
| 504 |
# |
# |
|a Phụ lục: tr. 816-832. - Thư mục: tr. 833-841
|
| 653 |
# |
# |
|a Hà Nội
|
| 653 |
# |
# |
|a Lịch sử
|
| 653 |
# |
# |
|a Tư liệu
|
| 653 |
# |
# |
|a Phương Tây
|
| 700 |
1 |
# |
|a Nguyễn Mạnh Dũng
|e biên dịch
|
| 700 |
1 |
# |
|a Nguyễn Thị Bình
|e biên dịch
|
| 700 |
1 |
# |
|a Nguyễn Thừa Hỷ
|e Ch.b.
|
| 700 |
1 |
# |
|a Vũ Thị Minh Thắng
|e biên dịch
|
| 852 |
# |
# |
|j KD.0027707
|
| 930 |
|
|
|a 444211
|b 11/10/2019
|
| 941 |
|
|
|a DP
|b XH
|
| 980 |
# |
# |
|a Trung tâm Học liệu Lê Vũ Hùng, Trường Đại học Đồng Tháp
|